书目信息 |
| 题名: |
文旅融合以诗照亮远方
|
|
| 作者: | 黄晓辉 编著 | |
| 分册: | ||
| 出版信息: | 北京 中国建筑工业出版社 2019.01 |
|
| 页数: | 202页 | |
| 开本: | 20cm | |
| 丛书名: | ||
| 单 册: | ||
| 中图分类: | F592.3 | |
| 科图分类: | ||
| 主题词: | 旅游经济 | |
| 电子资源: | ||
| ISBN: | 978-7-112-23088-4 | |
| 000 | 00594nam0 2200193 45 | |
| 001 | 1940466025 | |
| 005 | 20190305111645.28 | |
| 010 | @a978-7-112-23088-4@dRMB 68.00 | |
| 100 | @a20190305d2019 km y0chiy0120 ea | |
| 101 | 0 | @achi |
| 102 | @aCN@b110000 | |
| 200 | 1 | @a文旅融合以诗照亮远方@Awen lu rong he yi shi zhao liang yuan fang@f黄晓辉等编著@Fhuang xiao hui deng bian zhu |
| 210 | @a北京@c中国建筑工业出版社@d2019.01 | |
| 215 | @a202页@d20cm | |
| 606 | 0 | @a旅游经济 |
| 690 | @aF592.3@v4 | |
| 701 | 0 | @a黄晓辉@Ahuang xiao hui@4编著 |
| 801 | 0 | @aCN@bPFT@c20190305 |
| 905 | @a10447@dF592.3@eH9021 | |
| 文旅融合以诗照亮远方/黄晓辉等编著.-北京:中国建筑工业出版社,2019.01 |
| 202页;20cm |
| ISBN 978-7-112-23088-4:RMB 68.00 |
| ● |
| 相关链接 |
|
|
|
正题名:文旅融合以诗照亮远方
索取号:F592.3/H9021
 
预约/预借
| 序号 | 登录号 | 条形码 | 馆藏地/架位号 | 状态 | 备注 |
| 1 | 1305263 | 213052630 | 社科库409/409社科库 100排1列1层/ [索取号:F592.3/H9021] | 在馆 |